Las drogas y sus efectos
Guardat en:
| Autor principal: | |
|---|---|
| Format: | Llibre |
| Idioma: | espanyol |
| Publicat: |
Trillas.
1998.
|
| Matèries: | |
| Etiquetes: |
Afegir etiqueta
Sense etiquetes, Sigues el primer a etiquetar aquest registre!
|
MARC
| LEADER | 00000nam a22000005a 4500 | ||
|---|---|---|---|
| 001 | 10882 | ||
| 003 | CL-ChBUA | ||
| 005 | 20120815103307.0 | ||
| 008 | 070301s1998 mx 000 0dspa | ||
| 040 | |a CL-ChBUA |c CL-ChBUA | ||
| 082 | 0 | 0 | |a 616.86 |
| 090 | |c 10882 |d 10882 | ||
| 100 | 1 | |a Cruz Magallanes, Pablo Isaías. | |
| 245 | 1 | 0 | |a Las drogas y sus efectos |
| 260 | |b Trillas. |c 1998. | ||
| 300 | |a 80 p.: il. |b 80 p.: il. |c 23 cm. | ||
| 504 | |a Bibl. pp. 73-74. | ||
| 650 | 4 | |a DROGAS - EFECTOS FISIOLOGICOS. | |
| 942 | |c LIB | ||
| 952 | |0 0 |1 0 |4 0 |7 0 |9 15797 |a UNACH |b UNACH |c 600 |d 2007-03-05 |i 32.704. |l 3 |m 4 |o 616.86 / C 957. |p 16796 |r 2024-06-13 00:00:00 |s 2018-05-15 |u 15797 |w 2012-08-08 |y LIB |k 616.86 / C 957. | ||
| 999 | |c 10882 |d 10882 | ||